000
00315nam a2200133Ia 4500
008
240624s9999 xx 000 0 und d
041
_a
eng
082
_a
823 BAL
100
_a
BALDACCI DAVID
245
_a
SIXTH MAN
260
_c
2011
_a
New Delhi
_b
Pan Macmillan
300
_a
593 : p. : cm. ; 20
365
_c
RS
_b
25
999
_c
20005
_d
20005